002350000a220007300045001000023000002450056000233000046000797730036001251 aWeathers, Janet L.10aOpening communion. The protection of God's darkness aVol. 19, Num. 2 (1998), Páginas 183-1890 tThe Princeton Seminary Bulletin